000 00829nam a2200217 a 4500
001 BRCA_1808
005 20190320203546.0
008 030903s2000 mx-a---###---#000-0#spa-d
020 _a9701852370 (v. 1)
050 4 _aN910.M36
_b.C38 2000
245 1 0 _aCatálogo comentado del acervo del Museo Nacional de Arte
_bescultura. siglo XIX
_cEsther Acevedo ... [et al.].
260 _aMéxico
_bUNAM, Instituto de Investigaciones Estéticas : CONACULTA : INBA
_c2000
300 _a237 p.
_bil.
_c24 cm.
500 _aColección Sonia Corcuera de Mancera
500 _a2do. ejemplar en el Área de Investigación
610 2 4 _aMuseo Nacional de Arte (Ciudad de México)
_xColecciones de arte
_93482
650 1 4 _aEscultura
_vCatálogos
_ySiglo XIX
_zMéxico
_95628
700 1 _aAcevedo, Esther
_92537
902 _aDSC
942 _2lcc
_cB
999 _c1589
_d1589